000 00298nam a22001337a 4500
008 171025b xxu||||| |||| 00| 0 eng d
020 _a9780131010970
041 _aeng
080 _26 ED
_a311
100 _a55
101 _aSTA
245 _aBUSSINESS STATISTICS
_cSMITH.K.D
942 _2udc
_cBK
999 _c35853
_d35853